| 000 | 01237nam a22002177a 4500 | ||
|---|---|---|---|
| 999 |
_c224 _d224 |
||
| 003 | AR-CdUCM | ||
| 008 | 190222b ||||| |||| 00| 0 spa d | ||
| 040 |
_aMUNICIPALIDAD PROVINCIAL DEL CUSCO _cBIBLIOTECA MUNICIPAL DEL CUSCO |
||
| 082 |
_a985.002 / _bL97 |
||
| 100 |
_aLumbreras, Luis Guillermo _9988 |
||
| 245 |
_aNueva historia general del Perú : _bun compendio / _cLumbreras, Luis Guillermo ; Araníbal, Carlos ; Bonilla, Heraclio ; Burga, Manuél ; Cótler, Julio ; Espinoza, Waldemar ; Flores Galindo, Alberto ; López Soria, José Ignacio ; López, Sinesio ; Yepez, Ernesto |
||
| 260 |
_aLima - Perú : _bMosca azul editores, _c1982. |
||
| 300 |
_a263 páginas ; _c20 cm. |
||
| 505 | _aEl Perú prehispánico -- la sociedad colonial -- la época del rompimiento -- el militarismo y la dominación Británica -- la crisis política -- la sociedad Andina ... | ||
| 650 |
_aépoca prehispánico. _9989 |
||
| 650 |
_aPerú siglo XIX. _9990 |
||
| 650 |
_aBibliografías. _9991 |
||
| 700 |
_aAraníbal, Carlos ; Bonilla, Heraclio ; Burga, Manuél ; Cótler, Julio ; Espinoza, Waldemar ; Flores Galindo, Alberto ; López Soria, José Ignacio ; López, Sinesio ; Yepez, Ernesto _9992 |
||
| 942 |
_2ddc _cLIBROS |
||
| 945 |
_aachl _d2019-02-22 |
||